Logo Championnat de foot Européen - Statistiques

Statistiques générales
  • Ce quiz a été pris 479 fois
  • Le résultat moyen est 7 sur 14
Statistiques - réponses
Par images Réponse % Correct
Premier League - Angleterre
97%
Liga - Espagnol
95%
Ligue 1 - France
86%
Bundesliga - Allemagne
82%
Série A - Italie
80%
Eredivisie - Pays-Bas
58%
La Süper Lig - Turquie
57%
Division 1A - Belgique
28%
Liga Portugal
25%
Super league - Suisse
24%
Premier-Liga - Russie
17%
Championnat de Suède
15%
Airtricity League - Irlande
14%
Premier-Liha - Ukraine
5%
Aucun quiz correspondant
Distribution des résultats
% des personnes avec chaque résultat
Percentile par nombre de réponses
Votre historique - résultats
Vous n’avez pas pris ce quiz